| 000 | 00504nam a2200169Ia 4500 | ||
|---|---|---|---|
| 008 | 090201s9999 xx 000 0 und d | ||
| 010 | _aKPL-59753 | ||
| 040 | _bमराठी | ||
| 041 | _aमराठी | ||
| 082 |
_a38779 _b59753 |
||
| 100 | _aअरूण मांडे | ||
| 245 |
_aकाँगो _cअरूण मांडे |
||
| 260 |
_c2004 _bमेहता पब्लिशिंग हाउस |
||
| 300 |
_a253 _bमोठा |
||
| 600 | _aकाँगो | ||
| 942 | _cBOOK | ||
| 999 |
_c236247 _d236247 |
||